Manual de higiene y seguridad industrial
Saved in:
| Hovedforfatter: | |
|---|---|
| Andre forfattere: | |
| Format: | Bog |
| Sprog: | spansk |
| Udgivet: |
Santiago, Chile
Universidad Técnica del Estado
1971
|
| Udgivelse: | Segunda edición |
| Fag: | |
| Tags: |
Tilføj Tag
Ingen Tags, Vær først til at tagge denne postø!
|
MARC
| LEADER | 00000nam a2200000 a 4500 | ||
|---|---|---|---|
| 001 | UCU7148 | ||
| 003 | CL-VaPUC | ||
| 005 | 20240830115036.0 | ||
| 008 | 960628e19710000CL |||||||||||||||||spa|d | ||
| 999 | |c 249838 |d 249836 | ||
| 040 | |c Pontificia Universidad Católica de Valparaíso | ||
| 082 | 0 | 4 | |a 613.62 MUR 1971 |2 21 |
| 100 | |a Murúa Chevesich, Hugo |e autor |9 365711 | ||
| 245 | 1 | 0 | |a Manual de higiene y seguridad industrial |
| 250 | |a Segunda edición | ||
| 260 | 0 | 3 | |a Santiago, Chile |b Universidad Técnica del Estado |c 1971 |
| 300 | |a 160 páginas | ||
| 583 | |a last modification |c 19960628 00:00:00 |k Rodrigo Vera | ||
| 650 | 7 | |a SEGURIDAD DEL EMPLEO |2 CL-VaPUC |9 365713 | |
| 650 | 0 | |a Condiciones de trabajo |9 359118 | |
| 650 | 0 | |a Prevención de accidentes |9 262912 | |
| 650 | 0 | |a Accidentes de trabajo |9 254901 | |
| 650 | 0 | |a Tecnología de la seguridad |9 364100 | |
| 700 | 0 | |a Araya M., Antonio |e autor |9 365712 | |
| 942 | |c BK |2 ddc | ||
| 945 | |d 19960628 00:00:00 |a lriquelm | ||
| 952 | |0 0 |1 0 |2 ddc |4 0 |6 613_620000000000000_MUR_1971 |7 0 |8 A |9 267382 |a BIBING |b BIBING |d 2019-11-19 |i 1695606 |o 613.62 MUR 1971 |p 1695606 |r 2025-01-20 |t 2 |w 2019-11-19 |y BK |k EIE | ||